Entrepreneurship/ (Record no. 18597)
[ view plain ]
| 000 -LEADER | |
|---|---|
| fixed length control field | 00570nam a22001817a 4500 |
| 008 - FIXED-LENGTH DATA ELEMENTS--GENERAL INFORMATION | |
| fixed length control field | 201111b xxu||||| |||| 00| 0 eng d |
| 020 ## - INTERNATIONAL STANDARD BOOK NUMBER | |
| International Standard Book Number | 9781305576247 |
| 050 ## - LIBRARY OF CONGRESS CALL NUMBER | |
| Classification number | KTC HB 615 |
| Item number | .K87 2017 C.1 |
| 100 ## - MAIN ENTRY--PERSONAL NAME | |
| Personal name | Kuratko, Donald F. |
| 245 ## - TITLE STATEMENT | |
| Title | Entrepreneurship/ |
| Remainder of title | theory, process and practice |
| Statement of responsibility, etc. | Donald F. Kuratko |
| 250 ## - EDITION STATEMENT | |
| Edition statement | 10th ed. |
| 260 ## - PUBLICATION, DISTRIBUTION, ETC. (IMPRINT) | |
| Place of publication, distribution, etc. | Australia; |
| Name of publisher, distributor, etc. | Cengage, |
| Date of publication, distribution, etc. | 2017. |
| 300 ## - PHYSICAL DESCRIPTION | |
| Extent | xxxi, 465p. |
| 650 ## - SUBJECT ADDED ENTRY--TOPICAL TERM | |
| Topical term or geographic name as entry element | Entrepreneurship |
| Geographic subdivision | United States |
| 650 ## - SUBJECT ADDED ENTRY--TOPICAL TERM | |
| Topical term or geographic name as entry element | New business enterprises |
| Geographic subdivision | United state |
| 650 ## - SUBJECT ADDED ENTRY--TOPICAL TERM | |
| Topical term or geographic name as entry element | Small business |
| Geographic subdivision | United state |
| 942 ## - ADDED ENTRY ELEMENTS (KOHA) | |
| Source of classification or shelving scheme | Library of Congress Classification |
| Koha item type | General Collection |
| Withdrawn status | Lost status | Source of classification or shelving scheme | Not for loan | Home library | Current library | Date acquired | Cost, normal purchase price | Inventory number | Total Checkouts | Full call number | Barcode | Date last seen | Date last checked out | Copy number | Price effective from | Koha item type | Total Renewals |
|---|---|---|---|---|---|---|---|---|---|---|---|---|---|---|---|---|---|
| Library of Congress Classification | Kabarak, Main Campus | Kabarak, Main Campus | 11/11/2020 | 4727.00 | 2020/1188 | 1 | HB 615 .K87 2017 C.1 | 030071 | 02/08/2024 | 12/05/2022 | c.1 | 11/11/2020 | General Collection | ||||
| Library of Congress Classification | Kabarak, Main Campus | Kabarak, Main Campus | 11/11/2020 | 4727.00 | 2020/1187 | 3 | HB 615 .K87 2017 C.2 | 030072 | 24/02/2025 | 06/02/2025 | c.2 | 11/11/2020 | General Collection | 1 | |||
| Library of Congress Classification | Kabarak, Main Campus | Kabarak, Main Campus | 11/11/2020 | 4727.00 | 2020/1189 | KTC HB 615 .K87 2017 C.3 | 030073 | 11/11/2020 | c.3 | 11/11/2020 | General Collection |